00470nam a22001457a 4500020001500000040000900015082001400024100002400038245005700062260003700119650003400156942001200190999001900202952010300221 a8187815973 cNUST a531.1 DHA aDhawan, D. K959843 aProblems in Mechanics:bGeneral Properties of Matter aNew Delhi:bCampus Books,c2002. aProblems in Mechanics9113962 2ddccBK c595379d595379 00102ddc4070aCEMEbCEMEcGENd2023-08-04l0o531.1 DHApCEME-42142r2023-08-04w2023-08-04yBK